Effectif des Celtics de Boston 2023/2024 (images) - Statistiques

Statistiques générales
  • Ce quiz a été pris 320 fois
  • Le résultat moyen est 9 sur 17
Statistiques - réponses
Par images Réponse % Correct
Jaylen Brown
99%
Jayson Tatum
99%
Derrick White
95%
Jrue Holiday
93%
Kristaps Porziņģis
93%
Al Horford
88%
Payton Pritchard
80%
Sam Hauser
59%
Luke Kornet
57%
Jordan Walsh
32%
Neemias Queta
30%
Oshae Brissett
16%
JD Davison
13%
Dalano Banton
12%
Lamar Stevens
12%
Sviatoslav Mykhaïliouk
2%
Nathan Knight
0%
Aucun quiz correspondant
Distribution des résultats
% des personnes avec chaque résultat
Percentile par nombre de réponses
Votre historique - résultats
Vous n’avez pas pris ce quiz